| 000 | 01610nac a22003491u 4500 | ||
|---|---|---|---|
| 010 | _a 2005014920 | ||
| 020 | _a9780415260558 (hardback) | ||
| 020 | _a9780415260565 (pbk.) | ||
| 020 | _a0415260566 (pbk.) | ||
| 020 | _a0415260558 (hardback) | ||
| 082 | 0 | 0 | _a690.0684 |
| 090 |
_c6903 _d6903 |
||
| 100 | _a20080729 | ||
| 245 | 0 | 0 |
_aRisk management in projects / _cMartin Loosemore ... [et al.]. |
| 250 | _a2nd ed. | ||
| 260 |
_aLondon ; _aNew York : _bTayor & Francis,2006 _c2006. |
||
| 300 |
_axviii, 260 p. : _bill. ; _c24 cm. |
||
| 500 | _adistributer: Al-ahram | ||
| 504 | _aIncludes bibliographical references (p. [248]-259) and index. | ||
| 505 | 0 | _aRisk and uncertainty in project -- Risk and opportunity -- Risk and opportunity analysis -- Perception of risk -- Risk response, crisis management and recovery -- Developing and implementing a successful risk and opportunity management system. | |
| 511 | _acatalogued by: wessam | ||
| 650 | 0 |
_aConstruction industry _xRisk management. |
|
| 650 | 0 |
_aBuilding _xRisk assessment. |
|
| 650 | 0 | _aDecision making. | |
| 650 | 0 |
_aBuilding _xSafety measures. |
|
| 650 | 0 | _aEmergency management. | |
| 700 | 1 |
_aLoosemore, Martin, _d1962- |
|
| 856 | 4 | 1 |
_3Table of contents only _uhttp://www.loc.gov/catdir/toc/ecip0513/2005014920.html |
| 856 | 4 | 1 |
_3Publisher description _uhttp://www.loc.gov/catdir/enhancements/fy0659/2005014920-d.html |
| 942 |
_cBB _k690.0684 |
||
| 999 |
_c6903 _d6903 |
||